<?xml version="1.0" encoding="UTF-8"?>
<record
    xmlns:xsi="http://www.w3.org/2001/XMLSchema-instance"
    xsi:schemaLocation="http://www.loc.gov/MARC21/slim http://www.loc.gov/standards/marcxml/schema/MARC21slim.xsd"
    xmlns="http://www.loc.gov/MARC21/slim">

  <leader>00663nam a22001937a 4500</leader>
  <datafield tag="999" ind1=" " ind2=" ">
    <subfield code="c">193733</subfield>
    <subfield code="d">193733</subfield>
  </datafield>
  <controlfield tag="005">20221114110651.0</controlfield>
  <datafield tag="010" ind1=" " ind2=" ">
    <subfield code="a">UR-11759</subfield>
  </datafield>
  <datafield tag="020" ind1=" " ind2=" ">
    <subfield code="a">9789391238032</subfield>
    <subfield code="c">400.00</subfield>
  </datafield>
  <datafield tag="035" ind1=" " ind2=" ">
    <subfield code="a">U-10314</subfield>
  </datafield>
  <datafield tag="037" ind1=" " ind2=" ">
    <subfield code="b">DBAD/PUB</subfield>
    <subfield code="a">-</subfield>
  </datafield>
  <datafield tag="082" ind1=" " ind2=" ">
    <subfield code="a">848.88</subfield>
  </datafield>
  <datafield tag="100" ind1=" " ind2=" ">
    <subfield code="a">&#x646;&#x62C;&#x645;&#x6C1; &#x645;&#x62D;&#x645;&#x648;&#x62F;</subfield>
  </datafield>
  <datafield tag="245" ind1=" " ind2=" ">
    <subfield code="a">&#x62A;&#x634;&#x631;&#x6CC;&#x62D;&#x627;&#x62A; &#x648; &#x62A;&#x62D;&#x642;&#x6CC;&#x642;&#x627;&#x62A; :</subfield>
    <subfield code="b">&#x645;&#x636;&#x627; &#x645;&#x6CC;&#x646; &#x627;&#x648;&#x631; &#x62A;&#x628;&#x635;&#x631;&#x6D2; /</subfield>
    <subfield code="c">&#x646;&#x62C;&#x645;&#x6C1; &#x645;&#x62D;&#x645;&#x648;&#x62F;</subfield>
    <subfield code="h">&#x627; &#x631; &#x62F; &#x648;</subfield>
  </datafield>
  <datafield tag="246" ind1=" " ind2=" ">
    <subfield code="a">Tashrihaat-o-Tahqiqaat /</subfield>
    <subfield code="b">by Najma Mahmood</subfield>
  </datafield>
  <datafield tag="260" ind1=" " ind2=" ">
    <subfield code="a">Aligarh</subfield>
    <subfield code="b">Brown Books</subfield>
    <subfield code="c">2021 &#x621;</subfield>
  </datafield>
  <datafield tag="270" ind1=" " ind2=" ">
    <subfield code="a">Opposite Blind School, Qila Road, Shamshad Market</subfield>
    <subfield code="b">Aligarh</subfield>
    <subfield code="e">202001</subfield>
  </datafield>
  <datafield tag="300" ind1=" " ind2=" ">
    <subfield code="a">&#x645; &#x635;</subfield>
    <subfield code="c">22cm(Hb)</subfield>
  </datafield>
  <datafield tag="942" ind1=" " ind2=" ">
    <subfield code="2">ddc</subfield>
    <subfield code="c">UR</subfield>
    <subfield code="h">848.88</subfield>
    <subfield code="m">&#x646; &#x62C; &#x645;</subfield>
  </datafield>
  <datafield tag="952" ind1=" " ind2=" ">
    <subfield code="0">0</subfield>
    <subfield code="1">0</subfield>
    <subfield code="4">0</subfield>
    <subfield code="7">0</subfield>
    <subfield code="8">NFIC</subfield>
    <subfield code="a">L</subfield>
    <subfield code="b">L</subfield>
    <subfield code="d">2022-11-14</subfield>
    <subfield code="e">DBAD/PUB</subfield>
    <subfield code="g">400.00</subfield>
    <subfield code="l">0</subfield>
    <subfield code="o">848.88 &#x646; &#x62C; &#x645;</subfield>
    <subfield code="p">U-10314</subfield>
    <subfield code="r">2022-11-14 00:00:00</subfield>
    <subfield code="t">1</subfield>
    <subfield code="v">400.00</subfield>
    <subfield code="w">2022-11-14</subfield>
    <subfield code="y">UR</subfield>
  </datafield>
</record>
